Einführung in den Umweltschutz

Salvato in:
Dettagli Bibliografici
Autore principale: Martin, Armin
Natura: Libro
Lingua:tedesco
Pubblicazione: Leipzig Deutscher Verlag für Grundstoffindustrie 1982
Edizione:2. bearb. Aufl.
Tags: Aggiungi Tag
Nessun Tag, puoi essere il primo ad aggiungerne!!

MARC

LEADER 00000nam a2200000 4500
001 c109721
005 20041019155144.7
041 0 |a ger 
044 |a DE 
245 1 0 |a Einführung in den Umweltschutz  |c Armin Martin 
250 |a 2. bearb. Aufl. 
264 1 |a Leipzig  |b Deutscher Verlag für Grundstoffindustrie  |c 1982 
300 |a 120 s. 
100 1 |a Martin, Armin